Memoria de Ulises : (Record no. 96022)

MARC details
000 -LEADER
fixed length control field 00875cam a2200241 4500
008 - FIXED-LENGTH DATA ELEMENTS--GENERAL INFORMATION
fixed length control field 050606t19991999ag b 000 0 spa u
020 ## - INTERNATIONAL STANDARD BOOK NUMBER
International Standard Book Number 9505572743
100 1# - MAIN ENTRY--PERSONAL NAME
Personal name Hartog, Francois
245 10 - TITLE STATEMENT
Title Memoria de Ulises :
Remainder of title relatos sobre la frontera en la antigua Grecia /
Statement of responsibility, etc Francois Hartog ; tr. Horacio Pons.
250 ## - EDITION STATEMENT
Edition statement 1a ed.
260 ## - PUBLICATION, DISTRIBUTION, ETC. (IMPRINT)
Place of publication, distribution, etc Buenos Aires, Argentina :
Name of publisher, distributor, etc Fondo de Cultura Económica,
Date of publication, distribution, etc 1999
300 ## - PHYSICAL DESCRIPTION
Extent 295 p. ;
Dimensions 20 cm.
440 #0 - SERIES STATEMENT/ADDED ENTRY--TITLE
Title Sección de Obras de Historia
500 ## - GENERAL NOTE
General note Traducción de: Mémoire d'Ulisse. Récits sur la fronti{grave}ere en Gr{grave}ece ancienne.
504 ## - BIBLIOGRAPHY, ETC. NOTE
Bibliography, etc Incluye bibliografías e índices
506 ## - RESTRICTIONS ON ACCESS NOTE
Terms governing access Rec. prop. esc.
650 #4 - SUBJECT ADDED ENTRY--TOPICAL TERM
Topical term or geographic name as entry element Geografía antigua
General subdivision Historiografía
650 #4 - SUBJECT ADDED ENTRY--TOPICAL TERM
Topical term or geographic name as entry element Viajes
General subdivision Historiografía
700 1# - ADDED ENTRY--PERSONAL NAME
Personal name Pons, Hioracio, tr.
942 ## - ADDED ENTRY ELEMENTS (KOHA)
Source of classification or shelving scheme Biblioteca del Cogreso de los Estados Unidos
Koha item type Libro
Holdings
Estado de pérdida Fuente de clasificación Estado del daño No para préstamo Ubicación permanente Ubicación actual Apartado o colección Fecha de adquisición Edición Área del conocimiento Clasificación Código de Barras Date last seen Número de copia Tipo de recurso
  Biblioteca del Cogreso de los Estados Unidos     Biblioteca de la Facultad de Filosofía Biblioteca de la Facultad de Filosofía General 19/05/2016 1a ed. Educación y Humanidades G84 H37 1999 BFF000017024 19/05/2016 C:1 Libro